000 01016nam a22002537a 4500
005 20240530110434.0
008 150406s2010 jo ak g b 001 0 ara d
017 _a2009/6/2800
_bالمملكة الاردنية الهاشمية . المكتبة الوطنية
040 _aEG-CaGPL
082 0 4 _221
_a362.7\
_bأ م
100 0 _aاحمد جمال ظاهر
245 1 0 _aمشكلات الشباب /
_cتاليف احمد جمال ظاهر
260 _aالاردن :
_bدار الامل للنشر و التوزيع ،
_c2010.
300 _a268 ص :
_bايض ؛
_c24 سم
504 _aيشتمل على ارجاعات ببليوجرافية و فهرس
650 0 4 _aالشباب
_xتشغيل
650 0 4 _aالمراهقة
650 0 4 _aالشباب
_xمشكلات
650 0 4 _aالشباب
_xالحياه الدينية
650 0 4 _aالشباب
_xالعادات و التقاليد
650 0 4 _aالانفجار السكانى
942 _2ddc
_cBK
999 _c60903
_d60903